| 000 | 003190000a22001210004500 | ||
|---|---|---|---|
| 041 | 0 | _aSPA | |
| 082 | 0 | 4 | _aAV 0106 |
| 245 | 1 | 0 | _aLa iglesia evangélica de confesión luterana en el Brasil y sus relaciones entre las iglesias católicas y evangélcias |
| 300 | _a4 Pag | ||
| 500 | _aFolleto | ||
| 001 | 13504 | ||
| 942 | _cBK | ||
| 999 |
_c42464 _d42464 |
||